Pilotes de Formule 1 (2021) - Statistiques

Statistiques générales
  • Ce quiz a été pris 20 369 fois
  • Le résultat moyen est 17 sur 20
Statistiques - réponses
Écurie Nationalité Pilote % Correct
Mercedes Royaume-Uni Lewis Hamilton
99%
Red Bull Pays-Bas Max Verstappen
99%
Ferrari Monaco Charles Leclerc
98%
AlphaTauri France Pierre Gasly
97%
Ferrari Espagne Carlos Sainz
96%
McLaren Royaume-Uni Lando Norris
96%
Red Bull Mexique Sergio Pérez
96%
Alpine France Esteban Ocon
95%
AlphaTauri Japon Yuki Tsunoda
93%
Mercedes Finlande Valtteri Bottas
92%
Alpine Espagne Fernando Alonso
90%
Aston Martin Canada Lance Stroll
89%
McLaren Australie Daniel Ricciardo
88%
Aston Martin Allemagne Sebastian Vettel
86%
Williams Royaume-Uni George Russell
76%
Haas Allemagne Mick Schumacher
74%
Alfa Romeo Finlande Kimi Räikkönen
73%
Williams Canada Nicholas Latifi
70%
Haas Russie Nikita Mazepin
70%
Alfa Romeo Italie Antonio Giovinazzi
63%
Aucun quiz correspondant
Distribution des résultats
% des personnes avec chaque résultat
Percentile par nombre de réponses
Votre historique - résultats
Vous n’avez pas pris ce quiz